00434nam a2200157Ia 4500008004100000020002100041041000800062082001600070100002000086245005200106260004800158300000800206365001200214440003300226650001700259140306s9999 xx 000 0 und d a81 7100 122 x aeng a301bVER/SO aVerinder Grover aSociological aspects of Indian political system aNew DelhibDeep and Deep Publicationc 1990 a703 bRs .550 vPolitical system in India -7 aCarte system